书目信息 |
| 题名: |
学前儿童语言教育
|
|
| 作者: | 甄明友 , 李民凯 , 江君雷 主编 | |
| 分册: | ||
| 出版信息: | 北京 中央广播电视大学出版社 2011 |
|
| 页数: | 128页 | |
| 开本: | 26cm | |
| 丛书名: | ||
| 单 册: | ||
| 中图分类: | G613.2 | |
| 科图分类: | ||
| 主题词: | 语言教学--yu yan jiao xue--学前儿童--教材 | |
| 电子资源: | ||
| ISBN: | 978-7-304-05416-8 | |
| 000 | 00953nam0 2200277 45 | |
| 001 | 012001005098 | |
| 005 | 20140101103701.0 | |
| 010 | @a978-7-304-05416-8@dCNY20.00 | |
| 099 | @aCAL 012014018761 | |
| 100 | @a20140218d2014 em y0chiy50 ea | |
| 101 | 0 | @achi |
| 102 | @aCN@b110000 | |
| 105 | @ak a 000yy | |
| 106 | @ar | |
| 200 | 1 | @a学前儿童语言教育@Axue qian er tong yu yan jiao yu@f甄明友, 李民凯, 江君雷主编 |
| 210 | @a北京@c中央广播电视大学出版社@d2011 | |
| 215 | @a128页@d26cm | |
| 320 | @a有书目 (第128页) | |
| 330 | @a本书共分六章。主要介绍了语言的本质以及语言教育的特点和研究方法, 讲述了语言获得的理论基础以及学前儿童语音、词汇、语法的发展教育等。 | |
| 606 | 0 | @a语言教学@Ayu yan jiao xue@x学前儿童@j教材 |
| 690 | @aG613.2@v5 | |
| 701 | 0 | @a甄明友@Azhen ming you@4主编 |
| 701 | 0 | @a李民凯@Ali min kai@4主编 |
| 701 | 0 | @a江君雷@Ajiang jun lei@4主编 |
| 801 | 2 | @aCN@b江苏凤凰@c20191020 |
| 905 | @b1207340-3@dG613.2@e1000@f4 | |
| 学前儿童语言教育/甄明友, 李民凯, 江君雷主编.-北京:中央广播电视大学出版社,2011 |
| 128页;26cm |
| ISBN 978-7-304-05416-8:CNY20.00 |
| 本书共分六章。主要介绍了语言的本质以及语言教育的特点和研究方法, 讲述了语言获得的理论基础以及学前儿童语音、词汇、语法的发展教育等。 |
| ● |
| 相关链接 |
|
|
|
|
正题名:学前儿童语言教育
索取号:G613.2/1000
 
预约/预借
| 序号 | 登录号 | 条形码 | 馆藏地/架位号 | 状态 | 备注 |
| 1 | 1207340 | 212073405 | 第一样本阅览室/ [索取号:G613.2/1000] | 在馆 | |
| 2 | 1207341 | 212073414 | 教育系资料室/ [索取号:G613.2/1000] | 在馆 | |
| 3 | 1207342 | 212073423 | 教育系资料室/ [索取号:G613.2/1000] | 在馆 | |
| 4 | 1207343 | 212073432 | 第四借阅区/ [索取号:G613.2/1000] | 在馆 |